Resurrecting democracy : (Record no. 22279)
[ view plain ]
| 000 -LEADER | |
|---|---|
| fixed length control field | 01341cam a22002775a 4500 |
| 001 - CONTROL NUMBER | |
| control field | 18193083 |
| 005 - DATE AND TIME OF LATEST TRANSACTION | |
| control field | 20160830114632.0 |
| 008 - FIXED-LENGTH DATA ELEMENTS--GENERAL INFORMATION | |
| fixed length control field | 140619s2015 nyua frb f001 0 eng d |
| 020 ## - INTERNATIONAL STANDARD BOOK NUMBER | |
| International Standard Book Number | 9781107641969 |
| 040 ## - CATALOGING SOURCE | |
| Original cataloging agency | DLC |
| Language of cataloging | eng |
| Transcribing agency | DLC |
| Modifying agency | DLC |
| -- | EG-ScBUE |
| 082 04 - DEWEY DECIMAL CLASSIFICATION NUMBER | |
| Classification number | 306.2 |
| Edition number | 22 |
| Item number | BRE |
| 100 1# - MAIN ENTRY--PERSONAL NAME | |
| Personal name | Bretherton, Luke. |
| 9 (RLIN) | 40967 |
| 245 10 - TITLE STATEMENT | |
| Title | Resurrecting democracy : |
| Remainder of title | faith, citizenship, and the politics of a common life / |
| Statement of responsibility, etc | Luke Bretherton. |
| 260 ## - PUBLICATION, DISTRIBUTION, ETC. (IMPRINT) | |
| Place of publication, distribution, etc | New York : |
| Name of publisher, distributor, etc | Cambridge University Press, |
| Date of publication, distribution, etc | 2015. |
| 300 ## - PHYSICAL DESCRIPTION | |
| Extent | xv, 474 p. : |
| Other physical details | ill. ; |
| Dimensions | 24 cm. |
| 490 0# - Series Statement | |
| Series statement | Cambridge studies in social theory, religion and politics. |
| 500 ## - GENERAL NOTE | |
| General note | Index : p. 457-474. |
| 504 ## - BIBLIOGRAPHY, ETC. NOTE | |
| Bibliography, etc | Bibliography : p. 425-456. |
| 505 0# - FORMATTED CONTENTS NOTE | |
| Formatted contents note | The origins of organizing : an intellectual history -- Faith & citizenship in a world city -- Re-imagining the cecular : inter-faith relations as a civic practice -- An anatomy of organizing I : listening, analysis & building power -- An anatomy of organizing II : capacity, action & representation -- Civil society as the body politic -- Sovereignty and consociational democracy -- Economy, debt and citizenship. |
| 650 #7 - SUBJECT ADDED ENTRY--TOPICAL TERM | |
| Topical term or geographic name as entry element | Community organization |
| General subdivision | Philosophy. |
| Source of heading or term | BUEsh |
| 9 (RLIN) | 40968 |
| 650 #7 - SUBJECT ADDED ENTRY--TOPICAL TERM | |
| Topical term or geographic name as entry element | Citizenship. |
| Source of heading or term | BUEsh |
| 9 (RLIN) | 40969 |
| 650 #7 - SUBJECT ADDED ENTRY--TOPICAL TERM | |
| Topical term or geographic name as entry element | Democracy. |
| Source of heading or term | BUEsh |
| 9 (RLIN) | 3166 |
| 651 ## - SUBJECT ADDED ENTRY--GEOGRAPHIC NAME | |
| Source of heading or term | BUEsh |
| 653 ## - INDEX TERM--UNCONTROLLED | |
| Resource For college | BAEPS, Political Science |
| Arrived date list | August 2016 |
| 942 ## - ADDED ENTRY ELEMENTS (KOHA) | |
| Source of classification or shelving scheme | Dewey Decimal Classification |
| Withdrawn status | Item status | Source of classification or shelving scheme | Damaged status | Not for loan | Vendor | Home library | Current library | Shelving location | Date acquired | Source of acquisition | Cost, normal purchase price | Serial Enumeration / chronology | Total Checkouts | Full call number | Barcode | Date last seen | Cost, replacement price | Koha item type |
|---|---|---|---|---|---|---|---|---|---|---|---|---|---|---|---|---|---|---|
| Dewey Decimal Classification | Baccah | Central Library | Central Library | First floor | 30/08/2016 | Purchase | 375.00 | 25146 | 306.2 BRE | 000033425 | 15/07/2025 | 468.75 | Book - Borrowing |